Statistics for 50 largest cities in the EU

Click here to take the quiz!

General Stats

  • This quiz has been taken 131 times
  • The average score is 40 of 50

Answer Stats

PopulationCity% Correct
3,348,536Madrid
99%
2,140,526Paris
99%
3,748,148Berlin
98%
2,856,133Rome
98%
1,620,343Barcelona
96%
1,318,688Prague
95%
873,555Amsterdam
94%
1,911,728Vienna
94%
1,378,689Milan
93%
974,073Stockholm
93%
1,783,321Warsaw
93%
1,208,542Brussels
92%
1,841,179Hamburg
92%
1,752,286Budapest
91%
1,471,508Munich
91%
753,056Frankfurt
90%
664,046Athens
89%
774,839Krakow
89%
2,151,665Bucharest
88%
862,211Marseille
88%
959,188Naples
88%
648,042Helsinki
87%
651,870Rotterdam
87%
626,508Copenhagen
85%
804,049Zagreb
85%
1,085,664Cologne
84%
791,413Valencia
83%
875,698Turin
81%
688,711Seville
80%
1,241,675Sofia
79%
634,830Stuttgart
79%
554,649Dresden
75%
554,554Dublin
75%
632,614Riga
75%
587,010Dortmund
74%
619,294Düsseldorf
74%
557,440Vilnius
74%
587,857Leipzig
70%
583,393Essen
69%
663,401Palermo
65%
579,281Gothenburg
63%
571,026Malaga
60%
538,068Hanover
59%
682,679Lodz
59%
569,352Bremen
58%
578,000Genoa
57%
545,273The Hague
57%
641,607Wroclaw
51%
666,880Zaragoza
48%
535,802Poznan
38%

Score Distribution

Percentile by Number Answered

Percent of People with Each Score

Your Score History

You have not taken this quiz